| Tag |
First Indicator |
Second Indicator |
Subfields |
| LEADER |
00000cam a22000004a 4500 |
| 001 |
in00003369739 |
| 005 |
20190405190248.0 |
| 006 |
m d |
| 007 |
cr |||||||nn|n |
| 008 |
100618s2011 alu o d eng d |
| 010 |
|
|
|z 2010025036
|
| 020 |
|
|
|a 9780817385101
|
| 020 |
|
|
|z 9780817317225 (cloth : alk. paper)
|
| 020 |
|
|
|z 0817317228 (cloth : alk. paper)
|
| 020 |
|
|
|a 081738510X
|
| 035 |
|
|
|a (MdBmJHUP)muse9780817385101
|
| 040 |
|
|
|a MdBmJHUP
|c MdBmJHUP
|d UtOrBLW
|
| 043 |
|
|
|a n-us---
|
| 050 |
0 |
0 |
|a PS217.P64
|b H46 2011
|
| 082 |
0 |
0 |
|a 810.9/3581
|2 22
|
| 100 |
1 |
|
|a Henry, Katherine,
|d 1956-
|
| 245 |
1 |
0 |
|a Liberalism and the culture of security :
|b the nineteenth-century rhetoric of reform /
|c Katherine Henry.
|
| 264 |
|
1 |
|a Tuscaloosa :
|b University of Alabama Press,
|c [2011]
|
| 264 |
|
4 |
|c ©2011
|
| 300 |
|
|
|a 1 online resource (xiv, 213 pages )
|
| 336 |
|
|
|a text
|b txt
|2 rdacontent
|
| 337 |
|
|
|a computer
|b c
|2 rdamedia
|
| 338 |
|
|
|a online resource
|b cr
|2 rdacarrier
|
| 504 |
|
|
|a Includes bibliographical references and index.
|
| 505 |
0 |
|
|a Introduction: the rhetoric of protection -- Declarations of independence, claims of injury -- Unmasking slavery: Angelina Grimke's rhetoric of exposure -- Melting into speech: Frances E. W. Harper and the citizenship of the heart -- The eloquent girl: liberal publicity and unprotected privacy in Henry James's The Bostonians.
|
| 588 |
|
|
|a Description based on print version record.
|
| 500 |
|
|
|a Electronic resource.
|
| 650 |
|
0 |
|a Liberalism
|z United States
|x History
|y 19th century.
|
| 650 |
|
0 |
|a Liberalism in literature.
|
| 650 |
|
0 |
|a Rhetoric
|x Political aspects
|z United States.
|
| 650 |
|
0 |
|a Politics and literature
|z United States
|x History
|y 19th century.
|
| 650 |
|
0 |
|a American literature
|y 19th century
|x History and criticism.
|
| 655 |
|
7 |
|a Electronic books.
|2 local
|
| 856 |
4 |
0 |
|u http://proxy.library.tamu.edu/login?url=http://muse.jhu.edu/books/9780817385101/
|z Connect to the full text of this electronic book
|t 0
|
| 999 |
|
|
|a MARS
|
| 999 |
f |
f |
|s 056b9567-501f-3d16-a121-8c3e57611c80
|i 8954c92c-41ca-30f6-9bbe-0e60aa6a212e
|t 0
|
| 952 |
f |
f |
|a Texas A&M University
|b College Station
|c Electronic Resources
|d Available Online
|t 0
|e PS217.P64 H46 2011
|h Library of Congress classification
|
| 998 |
f |
f |
|a PS217.P64 H46 2011
|t 0
|l Available Online
|